Statistics for Harry Potter Trivia

Click here to take the quiz!

General Stats

  • This quiz has been taken 25 times
  • The average score is 11 of 34

Answer Stats

HintAnswer% Correct
Who killed NaginiNeville Longbottom
95%
How many layers were there in Mad-Eye Moody's trunk7
90%
What did Moody turn Draco intoFerret
60%
How many presents did Dudley get when he turned 1038
55%
What is Ron's full nameRonald Weasley
55%
Dumbledore has a scar over his left knee which is the perfect map ofThe London Underground
55%
Name the oldest Peverell brotherAntioch
50%
What did Ginny name her Pigmy PuffArnold
50%
For which company does Vernon Dursley workGrunnings
50%
What is Luna's patronusHare
50%
Name the youngest Peverell brotherIgnotus
50%
What is the Gryffindor ghost's full nameSir Nicholas de Mimsy-Porpington
50%
What creature was there in the corner of Lupin's office the first time Harry visited itA Grindylow
45%
How many staircases does Hogwarts have142
40%
What is Ginny's full nameGinevra Weasley
40%
What is Cho's patronusSwan
40%
What sweet did Fred and George drop at Number 4 Privet driveTon-Tongue Toffee
40%
How many fouls are there in Quididditch700
35%
How old was the creator of the Philosopher's Stone when it was destroyed665
30%
For Harry's 17th birthday, what colour did Hermione turn the leaves of the Weasley’s crabapple treeGold
30%
Who takes the place of the Fat Lady at the entrance to the Gryffindor common room in Prisoner of AzkabanSir Cadogan
30%
What is the full form of S.P.E.WSociety for the Promotion of Elfish Welfare
20%
Which song did Molly and Arthur dance to when they were 17A Cauldron Full of Hot, Strong Love
10%
Which Weasley died after seeing the GrimBilius Weasley
10%
Whose statue is next to the prefect's bathroom that Harry used in his fourth year at HogwartsBoris the Bewildered
10%
Who got Splinched in the first apparition lessonSusan Bones
10%
Monkshood and Wolfsbane are the same plant, also known as whatAconite
5%
Name the middle Peverell brotherCadamus
5%
What does Hermione use to make her hair for the Yule BallSleekeazy's Hair Potion
5%
What was the score when Gryffindor beat Slytherin in the first year482-472
0%
Which colour does Tonk like to keep her hairBright Bubblegum Pink
0%
What did Xenophilius say his daughter was doing when Harry asked him about itFishing for plimpies in a nearby stream
0%
Which Horcrux did Hermione destroy, and where.Hufflepuff's cup, the chamber of secrets
0%
Which coloured two socks did Dobby give Harry (Both of them)Red,Green
0%

Score Distribution

Percentile by Number Answered

Percent of People with Each Score

Your Score History

You have not taken this quiz